[Event "55th Rubinstein Memorial-A 2019"]
[Site "Polanica-Zdroj"]
[Date "2019.08.25"]
[Round "9.16"]
[White "Domanski, Lukasz"]
[Black "Majek, Kacper"]
[Result "1-0"]
[WhiteElo "2058"]
[BlackElo "1984"]
[Annotator "NA"]
[PlyCount "51"]
[EventDate "2019.08.17"]
[EventType "swiss"]
[EventCountry "POL"]
[SourceTitle "playchess.com"]
[Source "ChessBase"]
[SourceQuality "1"]
[TimeControl "40/5400+30:1800+30"]

1. e4 {[%emt 0:02:24]} e5 {[%emt 0:00:00]} 2. Bc4 {[%emt 0:00:11]} Nf6 {[%emt 0:00:00]} 3. d3 {[%emt 0:00:06]} Bc5 {[%emt 0:00:00]} 4. Nc3 {[%emt 0:00:31]} O-O {[%emt 0:00:08]} 5. f4 {[%emt 0:00:36]} d6 {[%emt 0:00:57]} 6. f5 {[%emt 0:03:04]} c6 {[%emt 0:13:42]} 7. g4 {[%emt 0:02:16]} d5 {[%emt 0:13:58]} 8. g5 {[%emt 0:06:46]} dxc4 {[%emt 0:01:51]} 9. gxf6 {[%emt 0:00:51]} Qxf6 {[%emt 0:09:27]} 10. Qg4 {[%emt 0:04:30]} cxd3 {[%emt 0:02:56]} 11. Bg5 {[%emt 0:03:46]} d2+ {[%emt 0:00:07]} 12. Bxd2 {[%emt 0:00:28]} h6 {[%emt 0:01:53]} 13. O-O-O {[%emt 0:06:41]} b5 {[%emt 0:16:31]} 14. Nf3 {[%emt 0:02:40]} Kh7 {[%emt 0:01:52]} 15. Ne2 {[%emt 0:22:54]} g6 {[%emt 0:06:32]} 16. Qh3 {[%emt 0:04:11]} gxf5 {[%emt 0:04:07]} 17. Nxe5 {[%emt 0:05:11]} fxe4 {[%emt 0:03:19]} 18. Qh5 {[%emt 0:04:09]} e3 {[%emt 0:03:01]} 19. Bc3 {[%emt 0:00:37]} Qf5 {[%emt 0:03:33]} 20. Qh4 Qg5 21. Qe1 {[%emt 0:03:53]} b4 {[%emt 0:09:17]} 22. Rg1 {[%emt 0:01:45]} Qf5 {[%emt 0:02:45]} 23. Nd7 {[%emt 0:07:39]} f6 {[%emt 0:03:30]} 24. Qg3 {[%emt 0:01:24]} Qg5 {[%emt 0:00:42]} 25. Nxf8+ {[%emt 0:00:12]} Bxf8 {[%emt 0:00:02]} 26. Qc7+ {[%emt 0:00:10]} 1-0

[Event "55th Rubinstein Memorial-A 2019"]
[Site "Polanica-Zdroj"]
[Date "2019.08.25"]
[Round "9.17"]
[White "Galant, Ireneusz"]
[Black "Rosicki, Marcin"]
[Result "0-1"]
[WhiteElo "1774"]
[BlackElo "2042"]
[Annotator "NA"]
[PlyCount "100"]
[EventDate "2019.08.17"]
[EventType "swiss"]
[EventCountry "POL"]
[SourceTitle "playchess.com"]
[Source "ChessBase"]
[SourceQuality "1"]
[TimeControl "40/5400+30:1800+30"]

1. d4 {[%emt 0:00:41]} Nf6 {[%emt 0:00:00]} 2. Bf4 {[%emt 0:00:23]} d5 {[%emt 0:00:15]} 3. e3 {[%emt 0:00:31]} Bf5 {[%emt 0:00:24]} 4. Nf3 {[%emt 0:01:29]} e6 {[%emt 0:00:15]} 5. Be2 {[%emt 0:00:39]} Bd6 {[%emt 0:04:56]} 6. Ne5 {[%emt 0:05:33]} Nfd7 {[%emt 0:10:54]} 7. g4 {[%emt 0:07:34]} Bg6 {[%emt 0:00:04]} 8. h4 {[%emt 0:02:41]} Nxe5 {[%emt 0:02:42]} 9. dxe5 {[%emt 0:02:18]} Bb4+ {[%emt 0:00:03]} 10. c3 {[%emt 0:01:57]} Be7 {[%emt 0:00:21]} 11. h5 {[%emt 0:03:06]} Be4 {[%emt 0:01:24]} 12. Rh2 {[%emt 0:02:57]} Bxb1 {[%emt 0:04:07]} 13. Qxb1 {[%emt 0:00:53]} Nc6 {[%emt 0:08:37]} 14. Qc2 {[%emt 0:11:02]} Bc5 {[%emt 0:08:09]} 15. Bd3 {[%emt 0:17:30]} h6 {[%emt 0:00:37]} 16. Qb3 {[%emt 0:05:57]} Qd7 {[%emt 0:13:00]} 17. O-O-O {[%emt 0:03:52]} O-O-O {[%emt 0:01:53]} 18. Rg1 {[%emt 0:08:29]} f6 {[%emt 0:03:11]} 19. exf6 {[%emt 0:00:22]} gxf6 {[%emt 0:00:03]} 20. Qb5 {[%emt 0:00:56]} Bd6 {[%emt 0:07:16]} 21. Qb3 {[%emt 0:06:30]} Bxf4 {[%emt 0:01:22]} 22. exf4 {[%emt 0:00:07]} Qd6 {[%emt 0:00:04]} 23. Rhg2 {[%emt 0:02:55]} Qxf4+ {[%emt 0:00:07]} 24. Kb1 {[%emt 0:00:10]} Ne5 {[%emt 0:07:32]} 25. Be2 {[%emt 0:01:35]} Rhe8 {[%emt 0:00:27]} 26. Bb5 {[%emt 0:02:11]} c6 {[%emt 0:00:32]} 27. Qa4 {[%emt 0:00:18]} d4 {[%emt 0:06:11]} 28. Bc4 {[%emt 0:02:41]} Nxc4 {[%emt 0:12:29]} 29. Qxc4 {[%emt 0:00:07]} Qe5 {[%emt 0:00:25]} 30. cxd4 {[%emt 0:01:03]} Rxd4 {[%emt 0:00:05]} 31. Qc2 {[%emt 0:03:32]} Red8 {[%emt 0:00:19]} 32. f3 {[%emt 0:00:15]} Qe3 {[%emt 0:00:23]} 33. Rc1 {[%emt 0:00:53]} Qxf3 {[%emt 0:04:35]} 34. Rf2 {[%emt 0:00:08]} Qxg4 {[%emt 0:00:14]} 35. Qg6 {[%emt 0:01:55]} Qxg6+ {[%emt 0:01:16]} 36. hxg6 {[%emt 0:00:02]} f5 {[%emt 0:00:39]} 37. Re2 {[%emt 0:00:56]} Re4 {[%emt 0:00:59]} 38. Rh2 {[%emt 0:00:06]} Rg8 {[%emt 0:01:07]} 39. Rxh6 {[%emt 0:00:38]} Rg4 {[%emt 0:00:26]} 40. g7 {[%emt 0:00:00]} R4xg7 {[%emt 0:00:00]} 41. Rxe6 {[%emt 0:00:29]} Rg1 {[%emt 0:03:21]} 42. Rf6 {[%emt 0:00:31]} Rxc1+ {[%emt 0:01:17]} 43. Kxc1 {[%emt 0:00:01]} Rg1+ {[%emt 0:00:06]} 44. Kc2 {[%emt 0:00:18]} Rf1 {[%emt 0:00:06]} 45. b4 {[%emt 0:00:23]} f4 {[%emt 0:01:23]} 46. a4 {[%emt 0:00:08]} f3 {[%emt 0:00:38]} 47. Rf8+ {[%emt 0:00:45]} Kc7 {[%emt 0:00:47]} 48. a5 {[%emt 0:00:29]} f2 49. Rf7+ {[%emt 0:00:30]} Kd6 {[%emt 0:00:47]} 50. Kd2 {[%emt 0:00:42]} Ra1 {[%emt 0:00:32]} 0-1

[Event "55th Rubinstein Memorial-A 2019"]
[Site "Polanica-Zdroj"]
[Date "2019.08.25"]
[Round "9.18"]
[White "Jankowiak, Piotr"]
[Black "Kulesza, Andrzej"]
[Result "1/2-1/2"]
[WhiteElo "2033"]
[BlackElo "1940"]
[Annotator "NA"]
[PlyCount "60"]
[EventDate "2019.08.17"]
[EventType "swiss"]
[EventCountry "POL"]
[SourceTitle "playchess.com"]
[Source "ChessBase"]
[SourceQuality "1"]
[TimeControl "40/5400+30:1800+30"]

1. d4 {[%emt 0:00:00]} Nf6 {[%emt 0:00:15]} 2. Bf4 {[%emt 0:00:00]} g6 {[%emt 0:03:22]} 3. Nc3 {[%emt 0:00:00]} d5 {[%emt 0:00:56]} 4. e3 {[%emt 0:00:00]} Bg7 {[%emt 0:01:02]} 5. h4 {[%emt 0:00:12]} h5 {[%emt 0:01:35]} 6. Nf3 {[%emt 0:00:26]} Bg4 {[%emt 0:02:01]} 7. Be2 {[%emt 0:00:46]} c6 {[%emt 0:04:28]} 8. Ne5 {[%emt 0:01:46]} Bxe2 {[%emt 0:01:42]} 9. Qxe2 {[%emt 0:00:11]} Nbd7 {[%emt 0:00:59]} 10. e4 {[%emt 0:02:36]} dxe4 {[%emt 0:06:16]} 11. Nxe4 {[%emt 0:00:17]} Nxe4 {[%emt 0:00:53]} 12. Qxe4 {[%emt 0:00:53]} Nxe5 {[%emt 0:00:12]} 13. Bxe5 {[%emt 0:08:35]} Qa5+ {[%emt 0:00:55]} 14. c3 {[%emt 0:09:53]} Bxe5 {[%emt 0:00:24]} 15. Qxe5 {[%emt 0:02:50]} Qxe5+ {[%emt 0:00:14]} 16. dxe5 {[%emt 0:00:04]} Kd7 {[%emt 0:02:17]} 17. O-O-O+ {[%emt 0:14:27]} Ke6 {[%emt 0:01:23]} 18. Rd3 {[%emt 0:00:23]} Rad8 {[%emt 0:00:57]} 19. Rhd1 {[%emt 0:00:12]} Rd5 {[%emt 0:04:27]} 20. Rxd5 {[%emt 0:11:23]} cxd5 {[%emt 0:00:07]} 21. f4 {[%emt 0:02:27]} Rc8 {[%emt 0:05:18]} 22. Kd2 {[%emt 0:02:28]} Rc4 {[%emt 0:02:27]} 23. Ke3 {[%emt 0:01:04]} Re4+ {[%emt 0:01:15]} 24. Kf3 {[%emt 0:00:10]} Ra4 {[%emt 0:00:50]} 25. a3 {[%emt 0:00:51]} Rc4 {[%emt 0:00:42]} 26. Rd2 {[%emt 0:15:58]} b5 {[%emt 0:02:57]} 27. g3 {[%emt 0:09:00]} Ra4 {[%emt 0:02:05]} 28. Rd1 {[%emt 0:01:33]} Rc4 {[%emt 0:00:12]} 29. Rd2 {[%emt 0:00:16]} Ra4 {[%emt 0:00:05]} 30. Rd1 {[%emt 0:00:17]} Rc4 {[%emt 0:00:06] Ke4 Kxe5+} 1/2-1/2

[Event "55th Rubinstein Memorial-A 2019"]
[Site "Polanica-Zdroj"]
[Date "2019.08.25"]
[Round "9.19"]
[White "Grochol, Kamil"]
[Black "Betkowski, Andrzej"]
[Result "1/2-1/2"]
[WhiteElo "1837"]
[BlackElo "2023"]
[Annotator "NA"]
[PlyCount "61"]
[EventDate "2019.08.17"]
[EventType "swiss"]
[EventCountry "POL"]
[SourceTitle "playchess.com"]
[Source "ChessBase"]
[SourceQuality "1"]
[TimeControl "40/5400+30:1800+30"]

1. e4 {[%emt 0:00:00]} e6 {[%emt 0:00:00]} 2. d4 {[%emt 0:00:00]} d5 {[%emt 0:00:00]} 3. Bd3 {[%emt 0:00:00]} dxe4 {[%emt 0:10:54]} 4. Bxe4 {[%emt 0:00:28]} Nf6 {[%emt 0:00:12]} 5. Bf3 {[%emt 0:00:04]} c5 {[%emt 0:00:55]} 6. Ne2 {[%emt 0:00:08]} Nc6 {[%emt 0:03:01]} 7. Be3 {[%emt 0:01:03]} cxd4 {[%emt 0:03:03]} 8. Nxd4 {[%emt 0:00:21]} Nxd4 {[%emt 0:05:45]} 9. Qxd4 {[%emt 0:00:10]} Nd5 {[%emt 0:15:22]} 10. Bxd5 {[%emt 0:02:48]} Qxd5 {[%emt 0:01:19]} 11. Qxd5 {[%emt 0:00:34]} exd5 {[%emt 0:00:04]} 12. Nc3 {[%emt 0:09:57]} Bb4 {[%emt 0:03:09]} 13. Bd4 {[%emt 0:00:43]} O-O {[%emt 0:01:27]} 14. O-O-O {[%emt 0:01:09]} Bxc3 {[%emt 0:01:36]} 15. Bxc3 {[%emt 0:00:33]} Be6 {[%emt 0:00:38]} 16. Rhe1 {[%emt 0:06:35]} Rfe8 {[%emt 0:01:47]} 17. Re3 {[%emt 0:01:44]} f6 {[%emt 0:03:23]} 18. Rde1 {[%emt 0:04:54]} Bd7 {[%emt 0:04:37]} 19. Bd4 {[%emt 0:01:18]} a6 {[%emt 0:01:07]} 20. Re7 {[%emt 0:02:44]} Bc6 {[%emt 0:00:58]} 21. Kd2 {[%emt 0:03:01]} Rxe7 {[%emt 0:09:49]} 22. Rxe7 {[%emt 0:02:25]} Rc8 {[%emt 0:02:36]} 23. f3 {[%emt 0:14:37]} Kf8 {[%emt 0:01:28]} 24. Bc5 {[%emt 0:02:03]} Kg8 {[%emt 0:00:06]} 25. Bd4 {[%emt 0:02:35]} Kf8 {[%emt 0:00:08]} 26. Bc5 {[%emt 0:01:36]} Kg8 {[%emt 0:00:05]} 27. c3 {[%emt 0:00:42]} h5 {[%emt 0:07:53]} 28. g4 {[%emt 0:10:47]} Re8 {[%emt 0:06:47]} 29. Rxe8+ {[%emt 0:16:24]} Bxe8 {[%emt 0:00:03]} 30. Ke3 {[%emt 0:00:08]} hxg4 {[%emt 0:01:05]} 31. fxg4 {[%emt 0:00:01]} 1/2-1/2

[Event "55th Rubinstein Memorial-A 2019"]
[Site "Polanica-Zdroj"]
[Date "2019.08.25"]
[Round "9.20"]
[White "Mazalon, Mariusz"]
[Black "Pluta, Natalia"]
[Result "1-0"]
[WhiteElo "2012"]
[BlackElo "1808"]
[Annotator "NA"]
[PlyCount "117"]
[EventDate "2019.08.17"]
[EventType "swiss"]
[EventCountry "POL"]
[SourceTitle "playchess.com"]
[Source "ChessBase"]
[SourceQuality "1"]
[TimeControl "40/5400+30:1800+30"]

1. d4 {[%emt 0:00:00]} Nf6 {[%emt 0:06:12]} 2. c4 {[%emt 0:00:19]} g6 {[%emt 0:00:04]} 3. Nc3 {[%emt 0:00:19]} Bg7 {[%emt 0:00:05]} 4. e4 {[%emt 0:00:23]} d6 {[%emt 0:00:04]} 5. Nf3 {[%emt 0:00:24]} O-O {[%emt 0:00:12]} 6. h3 {[%emt 0:00:34]} e5 {[%emt 0:00:17]} 7. d5 {[%emt 0:00:08]} a5 {[%emt 0:00:21]} 8. Bg5 {[%emt 0:00:13]} Na6 {[%emt 0:00:08]} 9. Nd2 {[%emt 0:00:52]} Qe8 {[%emt 0:00:15]} 10. g4 {[%emt 0:09:34]} Nd7 {[%emt 0:01:02]} 11. a3 {[%emt 0:01:48]} Nb6 {[%emt 0:02:56]} 12. b3 {[%emt 0:06:33]} f5 {[%emt 0:05:49]} 13. f3 {[%emt 0:03:40]} Qf7 {[%emt 0:18:26]} 14. Be3 {[%emt 0:06:03]} Bd7 {[%emt 0:08:55]} 15. Bd3 {[%emt 0:05:26]} Qe7 {[%emt 0:14:23]} 16. h4 {[%emt 0:15:00]} Nc5 {[%emt 0:00:45]} 17. Be2 {[%emt 0:02:18]} fxg4 {[%emt 0:08:22]} 18. fxg4 {[%emt 0:00:14]} Rf4 {[%emt 0:01:14]} 19. g5 {[%emt 0:00:51]} h6 {[%emt 0:02:18]} 20. Qc2 {[%emt 0:03:01]} hxg5 {[%emt 0:00:41]} 21. hxg5 {[%emt 0:00:05]} Qxg5 {[%emt 0:01:36]} 22. O-O-O {[%emt 0:00:15]} Qf6 {[%emt 0:03:11]} 23. Rdg1 {[%emt 0:02:08]} Be8 {[%emt 0:01:26]} 24. Kb2 {[%emt 0:00:14]} Rh4 {[%emt 0:00:55]} 25. Qd1 {[%emt 0:07:18]} Rxh1 {[%emt 0:02:56]} 26. Rxh1 {[%emt 0:01:28]} Bd7 {[%emt 0:03:21]} 27. Qg1 {[%emt 0:00:45]} Rf8 {[%emt 0:00:53]} 28. Qh2 {[%emt 0:01:14]} Rf7 {[%emt 0:02:49]} 29. Qh7+ {[%emt 0:03:02]} Kf8 {[%emt 0:00:09]} 30. Rf1 {[%emt 0:02:24]} Qe7 {[%emt 0:04:18]} 31. Bh6 {[%emt 0:05:39]} Ke8 {[%emt 0:04:01]} 32. Rxf7 {[%emt 0:02:51]} Qxf7 {[%emt 0:00:07]} 33. Qxg7 {[%emt 0:00:09]} Qxg7 {[%emt 0:00:29]} 34. Bxg7 {[%emt 0:00:02]} g5 {[%emt 0:00:07]} 35. Bf6 {[%emt 0:00:37]} g4 {[%emt 0:00:08]} 36. Bh4 {[%emt 0:00:05]} Kf7 {[%emt 0:00:18]} 37. Nb5 {[%emt 0:02:11]} Na6 {[%emt 0:00:45]} 38. Bf2 {[%emt 0:04:10]} Nc8 {[%emt 0:01:18]} 39. Kc3 {[%emt 0:01:21]} g3 {[%emt 0:04:32]} 40. Bxg3 {[%emt 0:00:18]} c6 {[%emt 0:00:00]} 41. Nxd6+ {[%emt 0:01:28]} Nxd6 {[%emt 0:00:08]} 42. Bxe5 {[%emt 0:00:13]} Ke7 {[%emt 0:01:27]} 43. b4 {[%emt 0:01:18]} cxd5 {[%emt 0:01:26]} 44. exd5 {[%emt 0:01:21]} Nf7 {[%emt 0:02:18]} 45. Bf4 {[%emt 0:01:05]} Kf6 {[%emt 0:02:39]} 46. c5 {[%emt 0:01:59]} axb4+ {[%emt 0:01:40]} 47. axb4 {[%emt 0:00:18]} Kf5 {[%emt 0:00:16]} 48. Bg3 {[%emt 0:00:40]} Ng5 {[%emt 0:01:25]} 49. Bd3+ {[%emt 0:02:43]} Kg4 {[%emt 0:02:08]} 50. Bh2 {[%emt 0:00:39]} Kh3 {[%emt 0:00:56]} 51. Bd6 {[%emt 0:01:04]} Nf7 {[%emt 0:00:16]} 52. Ne4 {[%emt 0:01:31]} Bf5 {[%emt 0:02:48]} 53. Nf2+ {[%emt 0:02:31]} Kg2 {[%emt 0:00:19]} 54. Bxf5 {[%emt 0:00:41]} Kxf2 {[%emt 0:00:07]} 55. Bc8 {[%emt 0:00:21]} Ke3 {[%emt 0:01:02]} 56. Bxb7 {[%emt 0:00:22]} Nxd6 {[%emt 0:00:09]} 57. cxd6 {[%emt 0:00:14]} Nb8 {[%emt 0:00:05]} 58. Bc6 {[%emt 0:00:30]} Ke4 {[%emt 0:00:08]} 59. d7 {[%emt 0:00:19] Kxd5} 1-0

[Event "55th Rubinstein Memorial-A 2019"]
[Site "Polanica-Zdroj"]
[Date "2019.08.25"]
[Round "9.21"]
[White "Wloch, Mikolaj"]
[Black "Luberanski, Jakub"]
[Result "0-1"]
[WhiteElo "1771"]
[BlackElo "1996"]
[Annotator "NA"]
[PlyCount "116"]
[EventDate "2019.08.17"]
[EventType "swiss"]
[EventCountry "POL"]
[SourceTitle "playchess.com"]
[Source "ChessBase"]
[SourceQuality "1"]
[TimeControl "40/5400+30:1800+30"]

1. e4 {[%emt 0:00:00]} c5 {[%emt 0:00:00]} 2. Nf3 {[%emt 0:00:00]} e6 {[%emt 0:00:01]} 3. d4 {[%emt 0:00:00]} cxd4 {[%emt 0:00:14]} 4. Nxd4 {[%emt 0:00:00]} Nf6 {[%emt 0:00:22]} 5. Nc3 {[%emt 0:00:45]} d6 {[%emt 0:00:05]} 6. Be3 {[%emt 0:00:29]} a6 {[%emt 0:00:03]} 7. a4 {[%emt 0:00:39]} Nc6 {[%emt 0:00:51]} 8. Be2 {[%emt 0:00:50]} Be7 {[%emt 0:00:04]} 9. O-O {[%emt 0:00:40]} O-O {[%emt 0:00:06]} 10. Nb3 {[%emt 0:00:53]} Na5 {[%emt 0:01:42]} 11. f4 {[%emt 0:05:42]} Nxb3 {[%emt 0:01:08]} 12. cxb3 {[%emt 0:00:02]} Qa5 {[%emt 0:03:05]} 13. Qd2 {[%emt 0:04:29]} Qb4 {[%emt 0:06:46]} 14. e5 {[%emt 0:21:16]} dxe5 {[%emt 0:01:28]} 15. fxe5 {[%emt 0:00:05]} Nd7 {[%emt 0:00:32]} 16. Rf4 {[%emt 0:04:40]} Qa5 {[%emt 0:02:31]} 17. Raf1 {[%emt 0:12:00]} Nxe5 {[%emt 0:08:51]} 18. Kh1 {[%emt 0:08:16]} Bg5 {[%emt 0:08:04]} 19. R4f2 {[%emt 0:00:05]} Bxe3 {[%emt 0:00:08]} 20. Qxe3 {[%emt 0:00:07]} Ng6 {[%emt 0:04:03]} 21. Ne4 {[%emt 0:01:29]} Qe5 {[%emt 0:01:50]} 22. Qd3 {[%emt 0:02:30]} b6 {[%emt 0:08:53]} 23. Ng3 {[%emt 0:01:01]} Bb7 {[%emt 0:01:28]} 24. Qd7 {[%emt 0:01:38]} Qd5 {[%emt 0:00:58]} 25. Qc7 {[%emt 0:02:17]} Qc6 {[%emt 0:01:42]} 26. Qxc6 {[%emt 0:01:15]} Bxc6 {[%emt 0:00:02]} 27. Bd3 {[%emt 0:01:33]} Ne5 {[%emt 0:02:10]} 28. Be4 {[%emt 0:00:42]} Rac8 {[%emt 0:00:53]} 29. Bxc6 {[%emt 0:00:43]} Rxc6 {[%emt 0:00:09]} 30. Re2 {[%emt 0:00:52]} f6 {[%emt 0:00:40]} 31. Ne4 {[%emt 0:00:31]} Rd8 {[%emt 0:01:36]} 32. h3 {[%emt 0:01:06]} Rd3 {[%emt 0:01:20]} 33. Nc3 {[%emt 0:00:21]} Rcd6 {[%emt 0:01:21]} 34. Rff2 {[%emt 0:03:21]} R6d4 {[%emt 0:01:11]} 35. Rc2 {[%emt 0:01:39]} Rb4 {[%emt 0:02:21]} 36. Kh2 {[%emt 0:02:39]} Rxb3 {[%emt 0:03:54]} 37. Ne4 {[%emt 0:00:19]} Rd8 {[%emt 0:01:16]} 38. Rc7 {[%emt 0:01:47]} Rb4 {[%emt 0:03:15]} 39. Nc3 {[%emt 0:00:47]} Nd3 {[%emt 0:03:33]} 40. Rf3 {[%emt 0:00:00]} Nxb2 {[%emt 0:00:00]} 41. Rg3 {[%emt 0:03:26]} g6 {[%emt 0:08:52]} 42. Re3 {[%emt 0:00:06]} e5 {[%emt 0:17:30]} 43. Ne4 {[%emt 0:07:06]} Rf8 {[%emt 0:00:20]} 44. g4 {[%emt 0:05:47]} Rf7 {[%emt 0:05:18]} 45. Rc8+ {[%emt 0:00:04]} Kg7 {[%emt 0:00:04]} 46. g5 {[%emt 0:01:05]} fxg5 {[%emt 0:01:01]} 47. Nxg5 {[%emt 0:00:07]} Re7 {[%emt 0:00:09]} 48. Ne4 {[%emt 0:03:48]} Nxa4 {[%emt 0:01:48]} 49. Nd6 {[%emt 0:00:31]} Rf4 {[%emt 0:02:57]} 50. Kg3 {[%emt 0:01:13]} Nc5 {[%emt 0:01:25]} 51. Rc6 {[%emt 0:00:45]} Rb4 {[%emt 0:01:46]} 52. Nc8 {[%emt 0:00:44]} Re6 {[%emt 0:01:04]} 53. Rc7+ {[%emt 0:00:09]} Kh6 {[%emt 0:00:07]} 54. Ne7 {[%emt 0:00:40]} Ne4+ {[%emt 0:02:05]} 55. Kg2 {[%emt 0:00:57]} Kg5 {[%emt 0:00:52]} 56. Kf3 {[%emt 0:02:38]} Rf6+ {[%emt 0:00:28]} 57. Ke2 {[%emt 0:01:31]} Rf2+ {[%emt 0:00:09]} 58. Kd1 {[%emt 0:00:40]} Rb1+ {[%emt 0:00:04]} 0-1

[Event "55th Rubinstein Memorial-A 2019"]
[Site "Polanica-Zdroj"]
[Date "2019.08.25"]
[Round "9.22"]
[White "Siekanski, Janusz"]
[Black "Szydlo, Michal"]
[Result "1-0"]
[WhiteElo "2263"]
[BlackElo "1865"]
[Annotator "NA"]
[PlyCount "71"]
[EventDate "2019.08.17"]
[EventType "swiss"]
[EventCountry "POL"]
[SourceTitle "playchess.com"]
[Source "ChessBase"]
[SourceQuality "1"]
[TimeControl "40/5400+30:1800+30"]

1. d4 {[%emt 0:00:00]} Nf6 {[%emt 0:00:00]} 2. c4 {[%emt 0:00:00]} g6 {[%emt 0:00:00]} 3. Nc3 {[%emt 0:00:01]} Bg7 {[%emt 0:00:00]} 4. e4 {[%emt 0:00:09]} d6 {[%emt 0:00:00]} 5. Nf3 {[%emt 0:00:07]} O-O {[%emt 0:00:00]} 6. Be2 {[%emt 0:00:06]} e5 {[%emt 0:00:03]} 7. O-O {[%emt 0:00:10]} Nc6 {[%emt 0:00:04]} 8. d5 {[%emt 0:00:09]} Ne7 {[%emt 0:00:05]} 9. Nd2 {[%emt 0:00:31]} Ne8 {[%emt 0:00:07]} 10. b4 {[%emt 0:00:37]} f5 {[%emt 0:00:07]} 11. c5 {[%emt 0:00:41]} Nf6 {[%emt 0:00:14]} 12. f3 {[%emt 0:01:09]} f4 {[%emt 0:00:18]} 13. Nc4 {[%emt 0:00:27]} g5 {[%emt 0:00:17]} 14. a4 {[%emt 0:00:57]} Ng6 {[%emt 0:00:17]} 15. a5 {[%emt 0:02:02]} Rf7 {[%emt 0:01:07]} 16. Bb2 {[%emt 0:00:30]} h5 {[%emt 0:02:30]} 17. b5 {[%emt 0:12:30]} dxc5 {[%emt 0:49:21]} 18. b6 {[%emt 0:01:00]} g4 {[%emt 0:07:59]} 19. bxc7 {[%emt 0:06:45]} Rxc7 {[%emt 0:00:22]} 20. Nb5 {[%emt 0:13:42]} g3 {[%emt 0:02:14]} 21. Nxc7 {[%emt 0:01:26]} Nxe4 {[%emt 0:03:43]} 22. Ne6 {[%emt 0:11:40]} Qh4 {[%emt 0:00:40]} 23. h3 {[%emt 0:00:38]} Bxe6 {[%emt 0:01:17]} 24. dxe6 {[%emt 0:02:40]} Ng5 {[%emt 0:00:27]} 25. Qc2 {[%emt 0:07:22]} Nxh3+ {[%emt 0:01:05]} 26. gxh3 {[%emt 0:00:08]} Qxh3 {[%emt 0:00:36]} 27. Bd3 {[%emt 0:00:26]} Nh4 {[%emt 0:00:21]} 28. Nxe5 {[%emt 0:05:58]} Bxe5 {[%emt 0:10:36]} 29. Bxe5 {[%emt 0:00:43]} g2 {[%emt 0:00:38]} 30. Bh7+ {[%emt 0:01:35]} Kf8 {[%emt 0:00:01]} 31. Qxc5+ {[%emt 0:02:10]} Ke8 {[%emt 0:00:02]} 32. Qb5+ {[%emt 0:00:35]} Kf8 {[%emt 0:00:41]} 33. Bd6+ {[%emt 0:00:35]} Kg7 {[%emt 0:00:16]} 34. Qg5+ {[%emt 0:00:38]} Kxh7 {[%emt 0:00:04]} 35. Qxh5+ {[%emt 0:00:07]} Kg7 {[%emt 0:00:08]} 36. Be5+ {[%emt 0:00:14]} 1-0

[Event "55th Rubinstein Memorial-A 2019"]
[Site "Polanica-Zdroj"]
[Date "2019.08.25"]
[Round "9.23"]
[White "Kacprzak, Kacper"]
[Black "Galuszka, Kamil"]
[Result "1/2-1/2"]
[WhiteElo "1856"]
[BlackElo "2058"]
[Annotator "NA"]
[PlyCount "60"]
[EventDate "2019.08.17"]
[EventType "swiss"]
[EventCountry "POL"]
[SourceTitle "playchess.com"]
[Source "ChessBase"]
[SourceQuality "1"]
[TimeControl "40/5400+30:1800+30"]

1. e4 e6 2. d4 d5 3. Nc3 dxe4 4. Nxe4 Nd7 5. Bd3 Ngf6 6. Qe2 c5 7. Nf3 cxd4 8. Nxd4 Nxe4 9. Qxe4 Nc5 10. Bb5+ Bd7 11. Qe2 Bxb5 12. Qxb5+ Qd7 13. Be3 a6 14. Qxd7+ Nxd7 15. O-O-O Bc5 16. Rhe1 Nf6 17. Nf5 Bxe3+ 18. Nxe3 Rd8 19. f3 Rxd1+ 20. Rxd1 Ke7 21. c4 g5 22. Kc2 h5 23. b4 b6 24. a4 Rc8 25. Kb3 Nd7 26. Re1 Kd6 27. Rd1+ Ke7 28. Re1 Kd6 29. Rd1+ Ke7 30. Re1 Kd6 1/2-1/2

[Event "55th Rubinstein Memorial-A 2019"]
[Site "Polanica-Zdroj"]
[Date "2019.08.25"]
[Round "9.24"]
[White "Michalska, Aleksandra"]
[Black "Czarniecka, Aleksandra"]
[Result "0-1"]
[WhiteElo "1792"]
[BlackElo "2042"]
[Annotator "NA"]
[PlyCount "64"]
[EventDate "2019.08.17"]
[EventType "swiss"]
[EventCountry "POL"]
[SourceTitle "playchess.com"]
[Source "ChessBase"]
[SourceQuality "1"]
[TimeControl "40/5400+30:1800+30"]

1. e4 {[%emt 0:00:00]} c5 {[%emt 0:00:00]} 2. c4 {[%emt 0:00:00]} Nc6 {[%emt 0:00:00]} 3. Nc3 {[%emt 0:00:00]} g6 {[%emt 0:00:00]} 4. Nf3 {[%emt 0:00:00]} Bg7 {[%emt 0:00:00]} 5. Be2 {[%emt 0:00:01]} d6 {[%emt 0:00:12]} 6. h3 {[%emt 0:00:20]} Nh6 {[%emt 0:01:45]} 7. O-O {[%emt 0:02:14]} f5 {[%emt 0:00:18]} 8. d3 {[%emt 0:01:03]} O-O {[%emt 0:00:51]} 9. Re1 {[%emt 0:00:54]} Nf7 {[%emt 0:07:29]} 10. Rb1 {[%emt 0:04:30]} a6 {[%emt 0:02:03]} 11. Be3 {[%emt 0:02:42]} Nd4 {[%emt 0:03:50]} 12. Nh2 {[%emt 0:05:26]} Rb8 {[%emt 0:07:48]} 13. Qd2 {[%emt 0:04:08]} b5 {[%emt 0:02:54]} 14. b3 {[%emt 0:02:46]} b4 {[%emt 0:04:25]} 15. Nd1 {[%emt 0:01:39]} e5 {[%emt 0:17:55]} 16. exf5 {[%emt 0:06:39]} gxf5 {[%emt 0:07:22]} 17. f4 {[%emt 0:02:54]} Ne6 {[%emt 0:01:04]} 18. Bh5 {[%emt 0:06:07]} Nxf4 {[%emt 0:09:14]} 19. Bxf4 {[%emt 0:00:29]} exf4 {[%emt 0:00:04]} 20. Bxf7+ {[%emt 0:01:03]} Rxf7 {[%emt 0:00:22]} 21. Qxf4 {[%emt 0:00:23]} Be5 {[%emt 0:01:12]} 22. Qf1 {[%emt 0:03:33]} Bb7 {[%emt 0:03:47]} 23. Nf3 {[%emt 0:03:39]} f4 {[%emt 0:12:02]} 24. Kh2 {[%emt 0:04:00]} Rg7 {[%emt 0:01:22]} 25. Re2 {[%emt 0:04:18]} Rg3 {[%emt 0:01:30]} 26. Rf2 {[%emt 0:02:07]} Kh8 {[%emt 0:01:36]} 27. Qe2 {[%emt 0:08:31]} Qf6 {[%emt 0:00:53]} 28. Nxe5 {[%emt 0:02:38]} dxe5 {[%emt 0:00:34]} 29. Ne3 {[%emt 0:00:55]} Rbg8 {[%emt 0:07:23]} 30. Rb2 {[%emt 0:14:01]} Rxe3 {[%emt 0:03:16]} 31. Qxe3 {[%emt 0:01:34]} Rxg2+ {[%emt 0:00:11]} 32. Rxg2 {[%emt 0:00:25]} fxe3 {[%emt 0:00:06]} 0-1